00482nam a2200181Ia 450000500170000000800410001702000150005804000190007304100120009208200160010410000160012024500510013626000360018730000220022350400260024565000190027185000100029020231208100247.0131103s9999 xx 000 0 und d a8125000801 aLoreto College aEnglish a421.52bBAN aBansal,R.K. aSpoken English, cR.K.Bansal and J.B.Harrison aHyderabadbOrient Longmanc1972 axii,191 p.b ill. aIncludes bibliography aSpoken English aLCLIB